000 00677nam a2200277Ia 4500
005 20260324121722.0
008 008 260324s9999 xx 000 0 eng d
020 _a9780203493984
037 _aEBOOK
040 _aCRL
040 _beng
040 _cCRL
041 _2eng
041 _aeng
084 _qCRL
100 _aHernán F. Gómez Bruera
_91163606
245 0 _aLula, the Workers' Party and the Governability Dilemma in Brazil
260 _bTaylor and Francis
260 _c2013
365 _a
365 _b240
856 _uhttp://www.taylorfrancis.com/books/9780203493984
942 _cEBOOK
999 _c1755885
_d1755885